00908nam a2200241 a 450000100100000000500170001000800410002704000250006804100380009308200160013110000410014724000380018824501020022626000400032830000260036849000120039453400460040670000500045283000180050204900090052095201200052999900170064900002597120200930024208.0110224s1963 sp r 000 0 spa d aDO-SdBNPbspacBNPHU17aspaheng2Código de idioma MARC aNNNNbC147u1 aCaldwell, Erskine,d1903-198795286510aA lamp for nightfall.lEspañol.10aUna luz para el anochecer /cErskine Caldwell ; versión española de M. L. Martínez Alinari. aBarcelona :bLuis de Caralt,c1963. a202, [2] p. ;c20 cm.1 aGigante aTítulo original:tA lamp for nightfall.1 aMartínez Alinari, María Luisaetr.948552 0aGigante94165 aBNGR 001054708MOaGRbGRcCTd2011-02-24iLF1l0oNNNN C147up25971-10r2020-06-25w2020-06-25y4ZPréstamo en sala c25463d25463